00273pab a2200097 454500008003600000100002100036245005700057650002000114650002300134773001800157180718b xxu||||| |||| 00| 0 eng d aHussain, Mehmood aIsrael: fountainhead of fundamentatism and terrorism a Fundamentalism aTerrorism - Israel aThird Concept